000 00454nam a2200181Ia 4500
003 0100
008 130303s9999 xx 000 0 und d
040 _cARRUPELIB
050 _aJC578.G34 1980
100 _aGalston, William A
245 _aJustice and the human good
260 _aChicago
260 _bUniv. of Chicago Pr.
260 _C1980
300 _a324p
650 _bFrankfurt school of sociology Modern European philosophy
942 0 0 _04
999 _c26316
_d26316